000 00659nam a2200253Ia 4500
003 OSt
005 20220918230609.0
006 a|||||r|||| 00| 0
007 ta
008 220917b |||||||| |||| 00| 0 eng d
024 _a256,358
037 _cTextual
040 _aARTS
_cARTS
_beng
041 _2eng
_aeng
082 _aRk, K7
100 _aM. Rosenthal Ed.
_9152919
245 0 _aDictionary of philosophy
260 _aMoscow
_bProgress
_c1967
300 _a494p.
_ccm.
650 _aPHILOSOPHY
700 _a P. Yudin Ed.
_9152920
942 _hRk, K7
_cTEXL
_2CC
999 _c288486
_d288486